Banking theory, law and practice / (Record no. 149947)

MARC details
000 -LEADER
fixed length control field 00852nam a22002177a 4500
005 - DATE AND TIME OF LATEST TRANSACTION
control field 20180215142634.0
010 ## - LCCN (DPL NO)
LC control number B-663725
020 ## - INTERNATIONAL STANDARD BOOK NUMBER
International Standard Book Number 9789352621620
Terms of availability 310.00
035 ## - SYSTEM CONTROL NUMBER
System control number B-663725
037 ## - SOURCE OF ACQUISITION
Stock number DPL
Source of stock number/acquisition Himalaya publishing house
082 ## - DEWEY DECIMAL CLASSIFICATION NUMBER
Classification number 346.082
100 ## - MAIN ENTRY--PERSONAL NAME
Personal name Gordon, E.
245 ## - TITLE STATEMENT
Title Banking theory, law and practice /
Statement of responsibility, etc by E. Gordon [and] K. Natarajan
250 ## - EDITION STATEMENT
Edition statement 25th ed
260 ## - PUBLICATION, DISTRIBUTION, ETC. (IMPRINT)
Place of publication, distribution, etc New Delhi
Name of publisher, distributor, etc Himalaya Publishing House
Date of publication, distribution, etc 2016
270 ## - ADDRESS
Address Pooja Apartments, 4-B, Murari Lal Street, Ansari Road Dariyaganj
City New Delhi
Postal code 110002
300 ## - PHYSICAL DESCRIPTION
Extent 517p.
Other physical details 24cm(pbk)
700 ## - ADDED ENTRY--PERSONAL NAME
Personal name Natarajan. K.
942 ## - ADDED ENTRY ELEMENTS (KOHA)
Source of classification or shelving scheme Dewey Decimal Classification
Item type English Books
Classification part 346.082
Call number suffix GOR
Holdings
Withdrawn status Lost status Not for loan Collection code Home library Current library Date acquired Source of acquisition Cost, normal purchase price Full call number Barcode Copy number Cost, replacement price Koha item type
      Non-fiction Ashok Vihar Ashok Vihar 15/02/2018 HPH/A455846/22.2.2017/392/15.2.2017/1.3.2018 310.00 346.082 GOR B-663725 1 310.00 English Books

© Delhi Public Library
Hit Counter
free hit counter